书目信息 |
| 题名: |
对外汉语教学理论与语言学科目考试指南
|
|
| 作者: | ||
| 分册: | ||
| 出版信息: | 北京 华语教学出版社 2003 |
|
| 页数: | 163页 | |
| 开本: | 20cm | |
| 丛书名: | ||
| 单 册: | ||
| 中图分类: | H195.1 | |
| 科图分类: | ||
| 主题词: | 汉语--语言教学 | |
| 电子资源: | ||
| ISBN: | 7-80052-917-7 | |
| 000 | 00514nam0 2200169 450 | |
| 001 | 0728815141 | |
| 005 | 20070819080015.14 | |
| 010 | @a7-80052-917-7@d¥33.00 | |
| 100 | @a20070819d km y0chiy0120 ea | |
| 101 | 0 | @achi |
| 200 | 1 | @a对外汉语教学理论与语言学科目考试指南@Adui wai han yu jiao xue li lun yu yu yan xue ke mu kao shi zhi nan |
| 210 | @a北京@c华语教学出版社@d2003 | |
| 215 | @a163页@d20cm | |
| 606 | 0 | @a汉语@x语言教学 |
| 690 | @aH195.1@v3 | |
| 801 | 0 | @aCN@bPFT@c20070819 |
| 905 | @a213230@dH195.1@eZW31@f1 | |
| 对外汉语教学理论与语言学科目考试指南.-北京:华语教学出版社,2003 |
| 163页;20cm |
| ISBN 7-80052-917-7:¥33.00 |
| ● |
| 相关链接 |
|
|
|
|
正题名:对外汉语教学理论与语言学科目考试指南
索取号:H195.1/ZW31
 
预约/预借
| 序号 | 登录号 | 条形码 | 馆藏地/架位号 | 状态 | 备注 |
| 1 | 7604387 | 276043871 | 密集书库-文学院/ [索取号:H195.1/ZW31] | 在馆 |